ბათუმის შოთა რუსთაველის სახელმწიფო უნივერსიტეტის ბიბლიოთეკა

მასობრივი ღონისძიებების მომზადებისა და ჩატარების მეთოდიკა. (ბიბ.ჩანაწერი № 52543)

000 -LEADER
fixed length control field 00966nam a2200229Ia 4500
001 - CONTROL NUMBER
control field 19567
003 - CONTROL NUMBER IDENTIFIER
control field GE_BSU
008 - FIXED-LENGTH DATA ELEMENTS--GENERAL INFORMATION
fixed length control field 181216s||||||||xx |||||||||||||| ||und||
040 ## - CATALOGING SOURCE
Transcribing agency GE_BSU
080 ## - UNIVERSAL DECIMAL CLASSIFICATION NUMBER
Universal Decimal Classification number 374.7
245 ## - TITLE STATEMENT
Title მასობრივი ღონისძიებების მომზადებისა და ჩატარების მეთოდიკა.
245 ## - TITLE STATEMENT
Remainder of title მეთოდური რეკომენდაციები
245 ## - TITLE STATEMENT
Statement of responsibility, etc. შემგდ.ვ. კევლიშვილი, რედ. თ. გაბელია
260 ## - PUBLICATION, DISTRIBUTION, ETC.
Place of publication, distribution, etc. თბილისი
260 ## - PUBLICATION, DISTRIBUTION, ETC.
Date of publication, distribution, etc. 1988
300 ## - PHYSICAL DESCRIPTION
Extent 16გვ.
653 ## - INDEX TERM--UNCONTROLLED
Uncontrolled term ბიბლიოთეკარი
653 ## - INDEX TERM--UNCONTROLLED
Uncontrolled term მასობრივი ღონისძიებების მომზადებისა და ჩატარების მეთოდიკა.
653 ## - INDEX TERM--UNCONTROLLED
Uncontrolled term ქსეროქსი
942 ## - ADDED ENTRY ELEMENTS (KOHA)
Koha item type წიგნი
ეგზემპლარები
Withdrawn status Lost status Damaged status Not for loan Date acquired Barcode Date last seen Price effective from Koha item type Public note
        2018-12-17 00391 ქსეროქსი 2018-12-17 2018-12-17 წიგნი ქსეროქსი